Normal view
MARC view
Entry Personal Name
001 - CONTROL NUMBER
- control field: 46357
003 - CONTROL NUMBER IDENTIFIER
- control field: ARRUPE
005 - DATE AND TIME OF LATEST TRANSACTION
- control field: 20190509121837.0
008 - FIXED-LENGTH DATA ELEMENTS
- fixed length control field: 190509|| aca||aabn | a|a d
040 ## - CATALOGING SOURCE
- Original cataloging agency: ARRUPE
- Transcribing agency: ARRUPE
100 ## - HEADING--PERSONAL NAME
- Personal name: Morrissey, Una
- Relator term: tr.
670 ## - SOURCE DATA FOUND
- Source citation: Work cat.: (ARRUPE): Marc Oraison, D.D. 46356, Love or constraint:, 1959.